000 003690000a22001210004500
090 _aAs
_bSeriadas
245 1 0 _aPlantas vasculares del Municipio de Mitú - Vaupés, Colombia
041 0 _aEspañol
700 1 _aGaleano P., Martha Patricia
_999764
100 1 _aMartínez A. , Xatlí Anabel
_999765
942 _cARTICULO
773 1 _tBiota Colombiana
_h2
_q151-180
_d2001
_g2
999 _c15476
_d15476